Classement des nations des jeux d'Asie de l'est 1993/2013 - Statistiques

Statistiques générales
  • Ce quiz a été pris 6 fois
  • Le résultat moyen est 6 sur 10
Statistiques - réponses
Rang Or Argent Bronze Total Pays % Correct
1 492 317 234 1043 Chine
100%
3 173 205 247 625 Corée-du-Sud
80%
2 241 269 320 830 Japon
80%
4 40 111 142 293 Taïwan
80%
6 22 38 55 115 Corée-du-Nord
60%
5 33 38 75 146 Hong Kong
60%
8 20 25 34 79 Macao
60%
10 0 0 4 4 Guam
40%
8 5 10 64 79 Mongolie
40%
6 37 30 48 115 Kazakhstan
20%
Aucun quiz correspondant
Distribution des résultats
% des personnes avec chaque résultat
Percentile par nombre de réponses
Votre historique - résultats
Vous n’avez pas pris ce quiz